|
|
|
|
| LEADER |
01788nam a2200445 4500 |
| 001 |
ocn302120964 |
| 003 |
OCoLC |
| 005 |
20180501121952.0 |
| 006 |
m o d |
| 007 |
cr unu---auuua |
| 008 |
090207s1998 ne a ob 001 0 eng d |
| 040 |
|
|
|a FUG
|b eng
|e pn
|c FUG
|d FUG
|d OCLCQ
|d OPELS
|d OCLCQ
|d OCLCA
|d OPELS
|d OCLCF
|d CUS
|d OCLCQ
|d OCLCO
|d OCLCQ
|d OCLCA
|d GrThAP
|
| 019 |
|
|
|a 772909667
|
| 020 |
|
|
|a 9780080953588
|q (electronic bk.)
|
| 020 |
|
|
|a 0444829229
|
| 020 |
|
|
|a 9780444829221
|
| 035 |
|
|
|a (OCoLC)302120964
|z (OCoLC)772909667
|
| 050 |
|
4 |
|a QA278.7
|b .O735 1998eb
|
| 082 |
0 |
4 |
|a 519.5
|2 22
|
| 049 |
|
|
|a TEFA
|
| 245 |
0 |
0 |
|a Order statistics :
|b applications /
|c edited by N. Balakrishnan and C.R. Rao.
|
| 260 |
|
|
|a Amsterdam ;
|a New York :
|b Elsevier,
|c 1998.
|
| 300 |
|
|
|a 1 online resource (xviii, 712 pages) :
|b illustrations.
|
| 336 |
|
|
|a text
|b txt
|2 rdacontent
|
| 337 |
|
|
|a computer
|b c
|2 rdamedia
|
| 338 |
|
|
|a online resource
|b cr
|2 rdacarrier
|
| 490 |
1 |
|
|a Handbook of statistics ;
|v v. 17
|
| 504 |
|
|
|a Includes bibliographical references and indexes.
|
| 588 |
0 |
|
|a Print version record.
|
| 650 |
|
0 |
|a Order statistics.
|
| 650 |
|
6 |
|a Statistiques d'ordre.
|
| 650 |
|
7 |
|a Order statistics.
|2 fast
|0 (OCoLC)fst01047382
|
| 650 |
1 |
7 |
|a Non-parametrische statistiek.
|2 gtt
|
| 650 |
1 |
7 |
|a Toepassingen.
|2 gtt
|
| 655 |
|
4 |
|a Electronic books.
|
| 700 |
1 |
|
|a Balakrishnan, N.,
|d 1956-
|e editor.
|
| 700 |
1 |
|
|a Rao, C. Radhakrishna
|q (Calyampudi Radhakrishna),
|d 1920-
|e editor.
|
| 776 |
0 |
8 |
|i Print version:
|t Order statistics.
|d Amsterdam ; New York : Elsevier, 1998
|z 0444829229
|w (DLC) 98226116
|w (OCoLC)39757747
|
| 830 |
|
0 |
|a Handbook of statistics (Amsterdam, Netherlands) ;
|v v. 17.
|
| 856 |
4 |
0 |
|u https://www.sciencedirect.com/science/handbooks/01697161/17
|z Full Text via HEAL-Link
|